Freguesias de Penafiel - Statistics

Estatísticas Gerais
  • Esse quiz foi jogado 11 vezes
  • A pontuação média é 16 de 38
Estatísticas das Respostas
Número Freguesias % Correto
15 Irivo
89%
24 Penafiel
89%
28 Rans
67%
29 Recezinhos (São Mamede)
67%
30 Recezinhos (São Martinho)
67%
4 Cabeça Santa
56%
8 Croca
56%
20 Novelas
56%
32 Rio Mau
56%
33 Santa Marta
56%
3 Bustelo
44%
5 Canelas
44%
7 Castelões
44%
13 Galegos
44%
14 Guilhufe
44%
18 Marecos
44%
19 Milhundos
44%
22 Paço de Sousa
44%
38 Urrô
44%
1 Abragão
33%
2 Boelhe
33%
6 Capela
33%
9 Duas Igrejas
33%
10 Eja
33%
12 Fonte Arcada
33%
16 Lagares
33%
17 Luzim
33%
31 Rio de Moinhos
33%
34 Santiago de Subarrifana
33%
35 Sebolido
33%
37 Vila Cova
33%
11 Figueira
22%
21 Oldrões
22%
23 Paredes
22%
25 Perozelo
22%
26 Pinheiro
22%
27 Portela
22%
36 Valpedre
22%
Nenhum quiz correspondente encontrado
Distribuição das Pontuações
Porcentagem de Pessoas com Cada Pontuação
Percentil de Números Respondidos
Sua Pontuação Histórica
Você não jogou esse quiz